1323 1776 1666 1537 1678 1910 1020 1913 1495 1879 1079 1666 1714 1375 1716 1828 1043 1400 1551 1050 1883 1424 1617 1100 1866 1518 1589 1109 1665 1020 1311 1419 1453 1063 1757 1233 1074 1542 1994 1803 1622 1806 1504 1514 1400 1549 1383 1064 1789 1839 1241 1184 1729 1006 1369 1583 1130 1202 1302 1804 1249 1413 1321 1468 1605 1655 1379 1162 1566 1831 1979 1927 1802 1743 1844 1807 1899 1726 1697 1330 1500 1148 1825 1987 1480 1325 1230 1567 1380 1136 1856 1317 1161 1976 1235 1159 1291 1614 1618 BCNSPRNW ULIB Ver.6.0+V

เปลี่ยนเป็นภาษาไทย

Change to English
 แสดงรายละเอียดบรรณานุกรม
  กลับหน้าหลัก

Brief Record : Get Marc (ISO 2709) : E-mail record : QR code < ปิดหน้าต่าง
LEADER : 00000nam 2200000uu 4500
001    13399120582
003     ULIB
008    120927s2550||||th 000 0 tha d
020    ^a9789749457306
041 0  ^atha
060 04 ^aWY152^bผ225ก 2550
100 0  ^aผ่องพรรณ อรุณแสง
245 10 ^aการบันทึกกระบวนการพยาบาลผู้สูงอายุ :^bจากแนวคิดสู่การปฏิบัติ /^cผ่องพรรณ อรุณแสง
250    ^aพิมพ์ครั้งที่ 1
260    ^aขอนแก่น :^bคณะพยาบาลศาสตร์ มหาวิทยาลัยขอนแก่น,^c2550
300    ^aก-ญ, 174 หน้า :^bภาพประกอบ , ตาราง ;^c21 ซม.
650  7 ^aการพยาบาลผู้สูงอายุ^xการบันทึก
650  7 ^aการพยาบาลผู้สูงอายุ
650  7 ^aบันทึกการพยาบาล
710 2  ^aมหาวิทยาลัยขอนแก่น. ^bคณะพยาบาลศาสตร์
945    ^p90^l0^i24837
945    ^p90^l0^i15676
945    ^p90^l0^i15677
995    ^aวิภา
999 ^a ใช้งานได้ทุกระบบ
รายการนี้ยังไม่มีแท็ก
คุณยังไม่ได้ล็อกอิน คุณสามารถมีกิจกรรมร่วมกับเว็บไซต์ได้ แต่ต้องล็อกอินก่อน ::
  ล็อกอิน

รายการสื่อสารสนเทศ

ลำดับที่ ประเภท เลขเรียก/บาร์โค้ด สถานที่ สถานะ
1. วิทยาศาสตร์การแพทย์ และสุขภาพ
วิทยาศาสตร์การแพทย์ และสุขภาพ
WY152 ผ225ก 2550  
  Barcode: 24837
ห้องสมุดวิทยาเขตสวรรค์ประชารักษ์
►ส่วนจัดเก็บหนังสือเก่า สปร
บนชั้น
  ขอยืม
2. วิทยาศาสตร์การแพทย์ และสุขภาพ
วิทยาศาสตร์การแพทย์ และสุขภาพ
WY152 ผ225ก 2550 ฉ.2 
  Barcode: 15676
ห้องสมุดวิทยาเขตสวรรค์ประชารักษ์
►ส่วนจัดเก็บหนังสือเก่า สปร
บนชั้น
  ขอยืม
3. วิทยาศาสตร์การแพทย์ และสุขภาพ
วิทยาศาสตร์การแพทย์ และสุขภาพ
WY152 ผ225ก 2550 ฉ.3 
  Barcode: 15677
ห้องสมุดวิทยาเขตสวรรค์ประชารักษ์
►ส่วนจัดเก็บหนังสือเก่า สปร
บนชั้น
  ขอยืม

รายการใกล้เคียง
    ผู้แต่ง [ผ่องพรรณ อรุณแสง]

    หัวเรื่อง [การพยาบาลผู้สูงอายุ]
    หัวเรื่อง [บันทึกการพยาบาล]

BibComment


ยังไม่เคยถูกคอมเมนท์

คอมเมนท์ทรัพยากรรายการนี้
  คอมเมนท์: การบันทึกกระบวนก..


 Copyright 2026. Bcnsprnw @Library